000 00601nam a22001577a 4500
999 _c535017
_d535017
020 _qHard Cover.
082 _a620.1
100 _aMuhammad Tahir Yamin
245 _aEnergy and Exergy Analysis of Solar Assisted Cascade Vapor Compression and Absorption Refrigeration System with Different Alternate Refrigerants /
_cMuhammad Tahir Yamin.
260 _aIslamabad:
_bPNEC NUST,
_c2015.
300 _a75 p. :
_bill. ;
_c30cm.
942 _2ddc
_cTHE
650 _aMechanical Engineering MS-Thesis.
_916090
700 _aDr. Shafiq ur Rehman
_929496